Риjазиjjат (Запись № 13315017)

Подробности
000 -МАРКЕР
контрольное поле 01266nam0a2200289 4500
001 - ИДЕНТИФИКАТОР ЗАПИСИ
контрольное поле RU\NLR\BIBL_A\016338644
005 - ИДЕНТИФИКАТОР ВЕРСИИ
контрольное поле 20260406154055.0
035 ## - ДРУГИЕ СИСТЕМНЫЕ НОМЕРА
Идентификатор записи (NLR Aleph) 016338644
100 ## - ДАННЫЕ ОБЩЕЙ ОБРАБОТКИ
Данные общей обработки 20230410d1984 |||y0rusy50 ca
101 0# - ЯЗЫК РЕСУРСА
Язык текста, звукозаписи и т.д. азербайджанский
Язык оригинала русский
102 ## - СТРАНА ПУБЛИКАЦИИ ИЛИ ПРОИЗВОДСТВА
Страна публикации азербайджан
105 ## - ПОЛЕ КОДИРОВАННЫХ ДАННЫХ: ТЕКСТОВЫЕ МАТЕРИАЛЫ, МОНОГРАФИЧЕСКИЕ
Кодированные данные о монографическом текстовом документе a z 000 y
200 1# - ЗАГЛАВИЕ И СВЕДЕНИЯ ОБ ОТВЕТСТВЕННОСТИ
Основное заглавие Риjазиjjат
Сведения, относящиеся к заглавию орта мәктәбин 5-ҹи синфи үчүн дәрслик
Первые сведения об ответственности Н. J. Виленкин, К. И. Нешков, С. И. Швартсбурд вә б.
Последующие сведения об ответственности [ред.: А. И. Маркушевич]
-- [тәрҹ. ед.: Ә. Әлиjев]
205 ## - СВЕДЕНИЯ ОБ ИЗДАНИИ
Сведения об издании 8-ҹи нәшр
210 ## - ПУБЛИКАЦИЯ, РАСПРОСТРАНЕНИЕ И ДР.
Место издания, распространения и т.д. Бакы
Имя издателя, распространителя и т. д. Маариф
Дата издания, распространения и т.д. 1984
215 ## - ФИЗИЧЕСКАЯ ХАРАКТЕРИСТИКА
Специфическое обозначение материала и объем 213, [1]c.
Другие сведения о физической характеристике ил.
Размеры 21
300 ## - ОБЩИЕ ПРИМЕЧАНИЯ
Текст примечания На обл. и тит. л. авт. не указ.
541 1# - ПЕРЕВОД ЗАГЛАВИЯ, СДЕЛАННЫЙ КАТАЛОГИЗАТОРОМ
Заглавие Математика
Сведения, относящиеся к заглавию учеб. для 5-го кл.
Язык заглавия русский
686 1# - ИНДЕКСЫ ДРУГИХ КЛАССИФИКАЦИЙ
Индекс В1я72
701 #1 - ИМЯ ЛИЦА - АЛЬТЕРНАТИВНАЯ ОТВЕТСТВЕННОСТЬ
Код отношения Автор
Материалы, к которым относится поле rus
Графика поля Кириллица
Начальный элемент ввода Виленкин
Часть имени, кроме начального элемента ввода Н. Я.
Даты 1920-1991
Расширение инициалов личного имени Наум Яковлевич
Идентификатор авторитетной/нормативной записи RU\NLR\AUTH\776772
Системный номер авторитетной/нормативной записи 116720
701 #1 - ИМЯ ЛИЦА - АЛЬТЕРНАТИВНАЯ ОТВЕТСТВЕННОСТЬ
Материалы, к которым относится поле rus
Графика поля Кириллица
Начальный элемент ввода Нешков
Часть имени, кроме начального элемента ввода К. И.
Расширение инициалов личного имени Константин Иванович
Идентификатор авторитетной/нормативной записи RU\NLR\AUTH\7793682
Системный номер авторитетной/нормативной записи 76608
701 #1 - ИМЯ ЛИЦА - АЛЬТЕРНАТИВНАЯ ОТВЕТСТВЕННОСТЬ
Начальный элемент ввода Щварцбурд
Часть имени, кроме начального элемента ввода С. И.
Расширение инициалов личного имени Семен Исаакович
Код отношения Автор
852 ## - МЕСТОНАХОЖДЕНИЕ И ШИФР ХРАНЕНИЯ
Идентификатор организации NLR
Наименование фонда или коллекции (Sub-Location Identifier) ОНЛ
Шифр хранения (Call Number) Азерб./3-11509
942 ## - ДОПОЛНИТЕЛЬНЫЕ ЭЛЕМЕНТЫ ЗАПИСИ (АБИС)
Тип экземпляра АБИС Книга
980 ## - КОЛЛЕКЦИЯ
Название коллекции Национальная библиография
Экземпляры
Тип экземпляра Дата поступления Библиотека постоянного хранения Библиотека текущего хранения Место хранения Шифр хранения Штрих-код Статус не для выдачи
Книга 10.04.2023 РНБ (Московский) РНБ (Московский) Фонд национальных литератур, ин. ОНЛ Азерб./3-11509 1-2997915